| 000 | 00659nam a2200205 i 4500 | ||
|---|---|---|---|
| 001 | 162593 | ||
| 003 | ES-MaACL | ||
| 005 | 20230906212548.0 | ||
| 008 | 990728s1884 be |||| | fre d | ||
| 040 |
_aCCPB | B _bspa _cCCPB | B |
||
| 100 | 1 |
_aPrins, Adolphe. _993985 |
|
| 245 | 1 | 3 |
_aLa démocratie et le régime parlamentaire / _cpar Adolphe Prins. |
| 260 |
_aBruxelles : _bLibr. C. Muquardt, _c1884 ( _fP. Weissenbruch) |
||
| 300 |
_a220 p. ; _c23 cm. |
||
| 596 | _aMarca tip. en port. | ||
| 650 | 4 |
_aDemocracia- _yS.XIX. _9145091 |
|
| 650 |
_aParlamentarismo. _9136654 |
||
| 752 |
_aBélgica - _dBruselas |
||
| 852 |
_aES-MaACL _jF-10436 _z- Enc. hol. |
||
| 999 |
_c162593 _d162593 |
||